<?xml version="1.0" encoding="UTF-8"?>
<record
    xmlns:xsi="http://www.w3.org/2001/XMLSchema-instance"
    xsi:schemaLocation="http://www.loc.gov/MARC21/slim http://www.loc.gov/standards/marcxml/schema/MARC21slim.xsd"
    xmlns="http://www.loc.gov/MARC21/slim">

  <leader>01366njm a22002897a 4500</leader>
  <controlfield tag="005">20100908153729.0</controlfield>
  <controlfield tag="006">a|||||r|||||00| 0 </controlfield>
  <controlfield tag="007">sd ammalaaahaa</controlfield>
  <controlfield tag="008">100901t        xxu||||| |||| 00| 0 eng d</controlfield>
  <datafield tag="028" ind1=" " ind2=" ">
    <subfield code="a">GE-33589</subfield>
    <subfield code="b">His Master 's Voice</subfield>
  </datafield>
  <datafield tag="035" ind1=" " ind2=" ">
    <subfield code="a">GR-01403</subfield>
  </datafield>
  <datafield tag="040" ind1=" " ind2=" ">
    <subfield code="a">SED</subfield>
    <subfield code="c">SED</subfield>
  </datafield>
  <datafield tag="100" ind1=" " ind2=" ">
    <subfield code="a">Lata mangeshker</subfield>
    <subfield code="9">17816</subfield>
  </datafield>
  <datafield tag="245" ind1=" " ind2=" ">
    <subfield code="a">Raj Kumar/</subfield>
    <subfield code="h">[Gramophone Recoding] : </subfield>
    <subfield code="b"> </subfield>
    <subfield code="c">by Lata mangeshker,Asha [and] /Mohemed Rafi </subfield>
  </datafield>
  <datafield tag="246" ind1=" " ind2=" ">
    <subfield code="a"> &#x930;&#x93E;&#x91C;  &#x915;&#x941;&#x92E;&#x93E;&#x930;  / &#x932;&#x924;&#x93E;  &#x92E;&#x902;&#x917;&#x947;&#x936;&#x915;&#x930; )(&#x906;&#x936;&#x93E; )</subfield>
  </datafield>
  <datafield tag="260" ind1=" " ind2=" ">
    <subfield code="a">Dum Dum, India:</subfield>
    <subfield code="b">His Master 's Voice</subfield>
  </datafield>
  <datafield tag="300" ind1=" " ind2=" ">
    <subfield code="a">1 sound Disc [GramaphoneRecording] :</subfield>
    <subfield code="b">analog, 33 1/3 rpm ;</subfield>
    <subfield code="c">9.5 in (MP)</subfield>
    <subfield code="f">Gramaphone Records</subfield>
  </datafield>
  <datafield tag="500" ind1=" " ind2=" ">
    <subfield code="a">Brief Record</subfield>
  </datafield>
  <datafield tag="505" ind1=" " ind2=" ">
    <subfield code="a"> &#x92A;&#x93E;&#x930;&#x94D;&#x91F; &#x967;   &#x930;&#x93E;&#x91C;  &#x915;&#x941;&#x92E;&#x93E;&#x930;  / &#x932;&#x924;&#x93E;  &#x92E;&#x902;&#x917;&#x947;&#x936;&#x915;&#x930; )(&#x906;&#x936;&#x93E; )Part 1 Nach re Mann(Lata mangeshker,Asha)  &#x92A;&#x93E;&#x930;&#x94D;&#x91F;  &#x968;   &#x939;&#x92E;  &#x939;&#x948;&#x902;  &#x930;&#x93E;&#x91C;  &#x915;&#x941;&#x92E;&#x93E;&#x930; (&#x92E;&#x94B;&#x939;&#x947;&#x92E;&#x947;&#x926;  &#x930;&#x92B;&#x93C;&#x940;     )Part 2  Ham hein Raj Kumar(Mohemed Rafi )</subfield>
  </datafield>
  <datafield tag="650" ind1=" " ind2=" ">
    <subfield code="a">Motion Picture Music</subfield>
    <subfield code="x">Excerpts</subfield>
    <subfield code="z">India</subfield>
    <subfield code="9">17817</subfield>
  </datafield>
  <datafield tag="700" ind1=" " ind2=" ">
    <subfield code="a">Asha </subfield>
    <subfield code="9">18986</subfield>
  </datafield>
  <datafield tag="700" ind1=" " ind2=" ">
    <subfield code="a">Mohemad Rafi</subfield>
    <subfield code="9">19000</subfield>
  </datafield>
  <datafield tag="700" ind1=" " ind2=" ">
    <subfield code="a">Shankar jai kishen</subfield>
    <subfield code="9">19001</subfield>
  </datafield>
  <datafield tag="700" ind1=" " ind2=" ">
    <subfield code="a">Shailendera </subfield>
    <subfield code="9">19002</subfield>
  </datafield>
  <datafield tag="942" ind1=" " ind2=" ">
    <subfield code="2">ddc</subfield>
    <subfield code="c">GR</subfield>
  </datafield>
  <datafield tag="999" ind1=" " ind2=" ">
    <subfield code="c">44594</subfield>
    <subfield code="d">44594</subfield>
  </datafield>
  <datafield tag="952" ind1=" " ind2=" ">
    <subfield code="0">0</subfield>
    <subfield code="1">0</subfield>
    <subfield code="2">ddc</subfield>
    <subfield code="4">0</subfield>
    <subfield code="7">1</subfield>
    <subfield code="8">NFIC</subfield>
    <subfield code="a">L</subfield>
    <subfield code="b">L</subfield>
    <subfield code="d">2010-09-08</subfield>
    <subfield code="e">SED/VEN</subfield>
    <subfield code="l">0</subfield>
    <subfield code="p">GR-01403</subfield>
    <subfield code="r">2010-09-08 00:00:00</subfield>
    <subfield code="t">1</subfield>
    <subfield code="w">2010-09-08</subfield>
    <subfield code="y">GR</subfield>
  </datafield>
</record>
